000 00516nam a2200157 4500
008 161215b xxu||||| |||| 00| 0 eng d
020 _a0764586548
082 _22000
_aDRef 822.33
_bR54
100 _918301
_aRoberts, James
245 _aCliffnotes:
_bon Dante's comedy: inferno/
_cby James Roberts and Nikki Moustaki.
260 _aNew York:
_bWiley Publishing, Inc.,
_cc2001.
300 _avi, 119 pages;
_c21 cm.
650 0 _918302
_aEnglish
_vDrama
700 _918303
_aMoustaki, Nikki
_eAuthor
942 _2ddc
_cDREF
999 _c6032
_d6032